Ergonómie a lidský faktor v lesním hospodářství zborník prednášok

Gespeichert in:
Bibliographische Detailangaben
Format: Buch
Sprache:Tschechisch
Veröffentlicht: Žilina Dom techniky ČSVTS 1980
Tags: Tag hinzufügen
Keine Tags, Fügen Sie das erste Tag hinzu!

MARC

LEADER 00000nam a2200000 4500
001 c141166
005 20181203150521.6
041 0 |a cze 
044 |a SK 
245 1 0 |a Ergonómie a lidský faktor v lesním hospodářství  |b zborník prednášok 
264 1 |a Žilina  |b Dom techniky ČSVTS  |c 1980 
300 |a 127 s.